00765cam6a220025300 4500001001200000005001700012008004100029010001900070035001900089035002200108035002200130040000900152050002100161082000800182100007700190245004800267250001200315260003100327504005300358650003100411949004400442004000600486999001900492qce0166710920190823112230.0730117s1960 nyua b 001 0 eng  a 60006445 /L a(Sirsi) r15203 a(QCAT)lss00373776 a(UPRA)qce01667109 dUPRA0 aQD251b.W49 1960 a5471 aWheland, George Willard, 1907-dWheland, George Willard, 1907-6A46397.110aAdvanced organic chemistry /cG.W. Wheland. a3rd ed. aNew York :bWiley,cc1960. aIncludes bibliographical references and indexes. 0aChemistry, Organic.6S95.2 aQD251wlcci-9624mMAINtBOOKlON-SHELF15203 c152926d152926